| 000 | 00375nam a2200109Ia 4500 | ||
|---|---|---|---|
| 008 | 171204s9999 xx 000 0 und d | ||
| 245 | _aSustainable Human Development: A New Territorial And People-centred Perspective | ||
| 245 | _cMario Biggeri | ||
| 260 | _c2014 | ||
| 650 | _xAdvanced Human Development | ||
| 856 | _uhttp://down.ebook777.com/024/SusHumDevANewTerAndPeoPer.pdf | ||
| 999 |
_c346874 _d346874 |
||